01271nam0a22002891 4500001001100000005001700011021001900028035002600047100004100073101000800114102000700122105001800129200008600147210004700233215004700280300005600327300011200383311002600495421006100521606011200582700010800694701006400802701005600866801001800922801002200940852001900962rc\433270520260406084025.0 aRUb[65-59371] a(NLR Aleph) 008518813 a20130416d1965 |||y0rusy50 ca0 arus aRU aab z |||||1 aГеографияeДля 5 класса вспомогательных школ aМоскваcПросвещениеd1965 a231 с., 2 л. ил.cил., карт.d22 aНа переплете авт. не указаны aПеред загл. авт.: В.А. Грузинская, Т.И. Пороцкая, А.О. Скрябина aПрил.: Карты 011010#$arus12001#$aКарты1215##$a10 с.tКарты aГеографияjУчебники и пособия для вспомогательных школ2psbo 17ca8rusaГрузинскаяbВ. А.f1889-1978gВера Алексеевна3RU\NLR\AUTH\770278697 1aПороцкаяbТ.И.gТатьяна Иосифовна 1aСкрябинаbА.О.gАнна Осиповна 0aRUbNLRgpsbo 1aRUbELAR2rusmarc aNLRj65-5/3614